| 000 | 01544cam a2200373 a 4500 | ||
|---|---|---|---|
| 001 | EDZ0000019187 | ||
| 003 | StDuBDS | ||
| 005 | 20161031105215.0 | ||
| 006 | m||||||||d|||||||| | ||
| 007 | cr ||||||||||| | ||
| 008 | 101217s2007 caua fo| 001|0|eng d | ||
| 020 |
_a9781848607873 (ebook) : _cNo price |
||
| 040 |
_aStDuBDS _beng _cStDuBDS _epn |
||
| 049 | _aAlfaisal Main Library | ||
| 050 | 0 |
_aGE105 _b.S24 2007 |
|
| 082 | 0 | 4 |
_a304.2 _223 |
| 245 | 0 | 4 |
_aThe SAGE handbook of environment and society _h[electronic resource] / _cedited by Jules Pretty ... [et al.]. |
| 246 | 3 | 0 | _aEnvironment and society |
| 260 |
_aLos Angeles, [Calif.] ; _aLondon : _bSAGE, _c2007. |
||
| 300 |
_a1 online resource (xiii, 626 p.) : _bill. |
||
| 520 | 8 | _aFocusing on the interactions between people, societies and economies, and the state of nature and the environment, this text presents readers in social science and natural science with a manual of the past, present and future of environment-society links. | |
| 521 | _aSpecialized. | ||
| 588 | _aDescription based on print version record. | ||
| 504 | _aIncludes bibliographical references and index. | ||
| 650 | 0 | _aEnvironmental sciences. | |
| 650 | 0 |
_aNature _xEffect of human beings on. |
|
| 650 | 0 | _aHuman ecology. | |
| 655 | 7 |
_aElectronic books. _2local |
|
| 700 | 1 | _aPretty, Jules N. | |
| 710 | 2 | _aSage eBooks | |
| 776 | 0 | 8 |
_iPrint version : _z9781412918435 |
| 856 | 4 | 0 | _uhttp://ezproxy.alfaisal.edu/login?url=http://sk.sagepub.com/reference/hdbk_envirosociety |
| 942 |
_2lcc _cEBOOKS |
||
| 999 |
_c481695 _d481695 |
||